Introduction to positive economics (Record no. 5640)

000 -LEADER
fixed length control field 00453nam a22001817a 4500
001 - CONTROL NUMBER
control field 5640
003 - CONTROL NUMBER IDENTIFIER
control field BD-DhUET
008 - FIXED-LENGTH DATA ELEMENTS--GENERAL INFORMATION
fixed length control field 141127b xxu||||| |||| 00| 0 eng d
040 ## - CATALOGING SOURCE
Transcribing agency 0
Modifying agency BD-DhUET
082 ## - DEWEY DECIMAL CLASSIFICATION NUMBER
Classification number 330
Item number LIP/1971
100 ## - MAIN ENTRY--PERSONAL NAME
Personal name Lipsey, Richard G.
245 ## - TITLE STATEMENT
Title Introduction to positive economics
250 ## - EDITION STATEMENT
Edition statement 3rd ed.
260 ## - PUBLICATION, DISTRIBUTION, ETC. (IMPRINT)
Name of publisher, distributor, etc. English Language Book
Place of publication, distribution, etc. Hampshire
Date of publication, distribution, etc. 1971
300 ## - PHYSICAL DESCRIPTION
Extent xx, 740 p.
Other physical details ill.
Dimensions 26 cm.
650 #0 - SUBJECT ADDED ENTRY--TOPICAL TERM
Topical term or geographic name as entry element Economics
942 ## - ADDED ENTRY ELEMENTS (KOHA)
Koha item type General Book
Holdings
Lost status Date acquired Not for loan Location (home branch) Koha collection Piece designation (barcode) Sublocation or collection (holding branch) Koha item type Copy number Damaged status Koha date last seen Koha full call number Withdrawn status Koha normalized classification for sorting Source of classification or shelving scheme Shelving location Price effective from
 2014-11-27 Central Library, BUET 23693Central Library, BUETGeneral Book1 2014-11-27330/LIP/1971 330LIP1971 Circulation section2014-11-27
 2014-11-27 Central Library, BUET 23702Central Library, BUETGeneral Book2 2014-11-27330/LIP/1971 330LIP1971 Circulation section2014-11-27
 2015-01-27 Central Library, BUET 23689Central Library, BUETGeneral Book3 2015-01-27330/LIP/1971 330_000000000000000_LIP_1971 Circulation section2015-01-27
 2015-01-27 Central Library, BUET 23684Central Library, BUETGeneral Book4 2015-01-27330/LIP/1971 330_000000000000000_LIP_1971 Circulation section2015-01-27
 2015-01-27 Central Library, BUET 23710Central Library, BUETGeneral Book5 2015-01-27330/LIP/1971 330_000000000000000_LIP_1971 Circulation section2015-01-27
 2015-01-27 Central Library, BUET 23713Central Library, BUETGeneral Book6 2015-01-27330/LIP/1971 330_000000000000000_LIP_1971 Circulation section2015-01-27
 2015-01-27 Central Library, BUET 23690Central Library, BUETGeneral Book7 2015-01-27330/LIP/1971 330_000000000000000_LIP_1971 Cataloging section2015-01-27
 2015-01-27 Central Library, BUET 23698Central Library, BUETGeneral Book8 2015-01-27330/LIP/1971 330_000000000000000_LIP_1971 Circulation section2015-01-27
 2015-01-27 Central Library, BUET 23685Central Library, BUETGeneral Book9 2015-01-27330/LIP/1971 330_000000000000000_LIP_1971 Circulation section2015-01-27
 2015-01-27 Central Library, BUET 23712Central Library, BUETGeneral Book10 2015-01-27330/LIP/1971 330_000000000000000_LIP_1971 Circulation section2015-01-27
 2015-01-28 Central Library, BUETNon Fiction23677Central Library, BUETGeneral Book4 2015-01-28330/LIP/1971 330_000000000000000_LIP_1971 Circulation section2015-01-28
 2015-01-28 Central Library, BUETNon Fiction23706Central Library, BUETGeneral Book30 2015-01-28330/LIP/1971 330_000000000000000_LIP_1971 Circulation section2015-01-28
 2015-01-28 Central Library, BUETNon Fiction23705Central Library, BUETGeneral Book29 2015-01-28330/LIP/1971 330_000000000000000_LIP_1971 Circulation section2015-01-28
 2015-01-28 Central Library, BUETNon Fiction23680Central Library, BUETGeneral Book16 2015-01-28330/LIP/1971 330_000000000000000_LIP_1971 Circulation section2015-01-28
 2015-04-20 Central Library, BUET 23691Central Library, BUETGeneral Book15 2015-04-20330/LIP/1971 330_000000000000000_LIP_1971 Circulation section2015-04-20